Calor / (Record no. 169239)

MARC details
000 -LEADER
campo de control de longitud fija 00695nam a22002175i 4500
001 - NÚMERO DE CONTROL
campo de control 169239
003 - IDENTIFICADOR DE NÚMERO DE CONTROL
campo de control ES-MaACL
005 - FECHA Y HORA DE LA ÚLTIMA TRANSACCIÓN
campo de control 20250911062844.0
008 - DATOS DE LONGITUD FIJA--INFORMACIÓN GENERAL
campo de control de longitud fija 080825s2008 sp |||| | spa d
020 ## - NÚMERO INTERNACIONAL ESTÁNDAR DEL LIBRO
Número Internacional Estándar del Libro 978-84-7522-029-1
080 ## - NÚMERO DE LA CLASIFICACIÓN DECIMAL UNIVERSAL
Número de la Clasificación Decimal Universal 821.134.2-14"19"
100 ## - ENTRADA PRINCIPAL--NOMBRE DE PERSONA
Nombre de persona Vilas, Manuel,
Fechas asociadas al nombre 1962-
9 (RLIN) 239668
245 10 - MENCIÓN DEL TÍTULO
Título Calor /
Mención de responsabilidad, etc. Manuel Vilas.
260 ## - PUBLICACIÓN, DISTRIBUCIÓN, ETC.
Lugar de publicación, distribución, etc. Madrid :
Nombre del editor, distribuidor, etc. Visor Libros,
Fecha de publicación, distribución, etc. [2008]
300 ## - DESCRIPCIÓN FÍSICA
Extensión 63 p. ;
Dimensiones 20 cm.
490 1# - MENCIÓN DE SERIE
Mención de serie Colección Visor de poesía ;
Designación de volumen o secuencia 685
500 ## - NOTA GENERAL
Nota general "VI Premio de Poesía Fray Luis de León de la Diputación Provincial de Cuenca"
830 0# - PUNTO DE ACCESO ADICIONAL DE SERIE-TÍTULO UNIFORME
Título uniforme Colección Visor de poesía
Designación de volumen o secuencia 685
9 (RLIN) 177331
852 ## - LOCALIZACIÓN
Ubicación ES-MaACL
Número de control de estantería L-29685
itemnumber R.143631
Holdings
Estatus retirado Estado de pérdida Estado de daño No para préstamo Biblioteca de origen Biblioteca actual Ubicación en estantería Fecha de adquisición Fuente de adquisición Total de préstamos Signatura topográfica completa Código de barras Visto por última vez Precio de reemplazo Tipo de ítem Koha
        Biblioteca del Ateneo de Madrid Biblioteca del Ateneo de Madrid Depósito 2 25/08/2008     L-29685 1177683 23/02/2023 23/02/2023 Libro impreso